| 000 | 00664nam a2200253Ia 4500 | ||
|---|---|---|---|
| 005 | 20250425162455.0 | ||
| 008 | 250425s9999 xx 000 0 und d | ||
| 020 | _a9789701069622 | ||
| 041 | _aspa | ||
| 082 | _a621.7 | ||
| 100 | _aNIEBEL, BENJAMIN W. | ||
| 245 | 0 | _aINGENIERIA INDUSTRIAL: METODOS, ESTANDARES Y DISEÑO DEL TRABAJO | |
| 250 | _a12A ED. | ||
| 260 | _aMEXICO | ||
| 260 |
_aMéxico _bMCGRAW-HILL _c2009 |
||
| 300 | _a586 | ||
| 650 | _aESTUDIO DE METODOS | ||
| 650 | _aESTUDIO DE TIEMPOS Y MOVIMIENTOS | ||
| 650 | _aINGENIERIA INDUSTRIAL | ||
| 650 | _aMUESTREO DEL TRABAJO | ||
| 650 | _aSALARIOS | ||
| 942 | _c01 | ||
| 010 | _a76503 | ||
| 999 |
_c229964 _d229964 |
||